000 00392nam a2200157Ia 4500
003 OSt
005 20230526155553.0
008 211028s2016 xx 000 0 und d
040 _cAIMIT LIBRARY
041 _aeng
100 _aJithendra, K; Manimozhi.
_g141911
_98636
110 _amanimozhi
_98637
245 _aWeb site IN-LAND builders.
260 _aMangalore
_c2016
942 _2ddc
_cPRO
999 _c219987
_d219987